[Event "Druzynowe Mistrzostwa Polski w Szachach Blyskawicznych"]
[Site "Piotrkow Trybunalski"]
[Date "1899-12-30"]
[Round "1.1"]
[White "Pakleza, Zbigniew"]
[Black "Krzyzanowski, Marcin"]
[Result "1-0"]
[WhiteTitle "GM"]
[BlackTitle "V"]
[WhiteElo "2563"]
[BlackElo "2369"]

1. d4 Nf6 2. Nf3 d5 3. Bf4 c5 4. e3 Nc6 5. c3 Qb6 6. Qb3 c4 7. Qc2 Bf5 8. Qc1 e6
9. Be2 Be7 10. h3 O-O 11. Nbd2 Rfc8 12. Nh4 Bg6 13. Nxg6 hxg6 14. O-O Qd8 15.
Bf3 b5 16. a3 a5 17. e4 dxe4 18. Nxe4 Nd5 19. Bg3 b4 20. Qc2 Qb6 21. Rfe1 Ra7
22. Nd2 Nd8 23. Be2 Qb5 24. axb4 Nb7 25. Qa4 Qxa4 26. Rxa4 Nb6 27. Raa1 Raa8 28.
bxa5 Nxa5 29. Bf3 Ra7 30. Ra2 Bd8 31. Rea1 Nd5 32. Ne4 f5 33. Nc5 Kf7 34. Re1
Rxc5 35. dxc5 g5 36. Bd6 Nc6 37. Rxa7+ Nxa7 38. Ra1 Nc6 39. Ra6 Na5 40. c6 Bb6
41. Bxd5 1-0

[Event "Druzynowe Mistrzostwa Polski w Szachach Blyskawicznych"]
[Site "Piotrkow Trybunalski"]
[Date "1899-12-30"]
[Round "1.2"]
[White "Tomaszewski, Kacper"]
[Black "Dziuba, Marcin"]
[Result "0-1"]
[WhiteTitle "k"]
[BlackTitle "GM"]
[WhiteElo "2098"]
[BlackElo "2536"]

1. d4 Nf6 2. c4 g6 3. Nc3 Bg7 4. e4 d6 5. Nf3 O-O 6. Be2 e5 7. O-O exd4 8. Nxd4
Re8 9. f3 Nbd7 10. Kh1 a6 11. Rb1 c6 12. Nc2 Qe7 13. Be3 Ne5 14. b4 Be6 15. c5
d5 16. Bd4 Nc4 17. exd5 cxd5 18. Bxf6 Bxf6 19. Nxd5 Bxd5 20. Qxd5 Qxe2 21. Nd4
Bxd4 22. Qxd4 Nd2 23. Rf2 Qe1+ 24. Rf1 Nxb1 0-1

[Event "Druzynowe Mistrzostwa Polski w Szachach Blyskawicznych"]
[Site "Piotrkow Trybunalski"]
[Date "1899-12-30"]
[Round "1.3"]
[White "Jakubiec, Artur"]
[Black "Wolynski, Krzysztof"]
[Result "1-0"]
[WhiteTitle "GM"]
[BlackTitle "I++"]
[WhiteElo "2497"]
[BlackElo "1952"]

1. f4 e5 2. e4 d5 3. exd5 e4 4. d3 Nf6 5. dxe4 Nxe4 6. Nf3 Bc5 7. Qe2 Qxd5 8. Nfd2
f5 9. Nc3 Qe6 10. Ndxe4 fxe4 11. Qh5+ g6 12. Qxc5 Nc6 13. Be3 Qg4 14. Bb5 Bd7
15. Bxc6 Bxc6 16. Qc4 O-O-O 17. Qe2 Qe6 18. O-O Rhe8 19. Rad1 b6 20. Rxd8+ Rxd8
21. Rd1 Re8 22. a4 Kb7 23. a5 Qf5 24. Qc4 Re6 25. b4 b5 26. Qe2 a6 27. Nb1 Re8
28. Nd2 h5 29. Nb3 Kc8 30. Nc5 Bb7 31. Qd2 Kb8 32. Qd7 Qxd7 33. Rxd7 Rg8 34. Kf2
Rf8 35. g3 g5 36. Ne6 Rf6 37. Nd4 gxf4 38. Bxf4 h4 39. Ke3 hxg3 40. hxg3 Rf8 41.
Rxc7 Ka8 42. Re7 Rc8 43. Bd6 Rc3+ 44. Kf4 e3 45. Rxe3 Rc4 46. c3 Rc8 47. Nf5 Rc4+
48. Ke5 Rc8 49. Bc5 Rg8 50. Kf4 Bc8 51. g4 Bd7 52. Re7 Bc8 53. g5 Rg6 54. Re8
1-0

[Event "Druzynowe Mistrzostwa Polski w Szachach Blyskawicznych"]
[Site "Piotrkow Trybunalski"]
[Date "1899-12-30"]
[Round "1.4"]
[White "Cieslak, Patrycjusz"]
[Black "Weichhold, Pawel"]
[Result "0-1"]
[WhiteTitle "I"]
[BlackTitle "IM"]
[WhiteElo "1899"]
[BlackElo "2382"]

1. d4 Nf6 2. Nc3 c5 3. d5 d6 4. e4 g6 5. f4 Bg7 6. Nf3 O-O 7. Bd3 b5 8. Nxb5 c4
9. Bxc4 Nxe4 10. O-O Qb6+ 11. Nbd4 Ba6 12. Bxa6 Nxa6 13. c4 Rac8 14. b3 Nc3 15.
Qd3 Bxd4+ 16. Nxd4 Qxd4+ 17. Qxd4 Ne2+ 18. Kh1 Nxd4 19. Bb2 Nf5 20. Rae1 Rce8
21. g4 Ng7 22. f5 Nc5 23. Rf3 f6 24. Rfe3 Kf7 25. fxg6+ hxg6 26. b4 Nd7 27. Bd4
a6 28. c5 Ne5 29. c6 Rb8 30. a3 g5 31. Bxe5 fxe5 32. Rf3+ Kg8 33. Rc3 e6 34. dxe6
Nxe6 35. Rd1 Nd4 36. Kg2 Rbc8 37. a4 Rc7 38. b5 axb5 39. axb5 Nxb5 40. Rb3 Nd4
41. Rb6 Rfc8 42. Rc1 Rxc6 0-1

[Event "Druzynowe Mistrzostwa Polski w Szachach Blyskawicznych"]
[Site "Piotrkow Trybunalski"]
[Date "1899-12-30"]
[Round "1.5"]
[White "Nasuta, Grzegorz"]
[Black "Bartel, Mateusz"]
[Result "0-1"]
[WhiteTitle "IM"]
[BlackTitle "GM"]
[WhiteElo "2371"]
[BlackElo "2628"]

1. e4 g6 2. d4 Bg7 3. Nc3 d6 4. f4 a6 5. Nf3 b5 6. Bd3 Bb7 7. O-O b4 8. Ne2 Nf6
9. e5 Nd5 10. c4 bxc3 11. bxc3 e6 12. Rb1 Nb6 13. Ba3 Bxf3 14. Rxf3 d5 15. c4
dxc4 16. Be4 N8d7 17. Bxa8 Qxa8 18. Nc3 Bf8 19. Bxf8 Kxf8 20. Qe2 Kg7 21. Qe4
Qxe4 22. Nxe4 Nd5 23. a4 a5 24. Rb5 Ra8 25. Nc5 N7b6 26. g3 c3 27. Rb1 h5 28.
Kf2 Rd8 29. Rd3 Nb4 30. Rxc3 Rxd4 31. Nb3 Rd7 32. Nxa5 N6d5 33. Rcb3 c5 34. Nc4
Ra7 35. a5 Ne7 36. Rxb4 cxb4 37. Rxb4 Nc6 38. Ra4 Ra6 39. Ke3 f6 40. exf6+ Kxf6
41. Ke4 g5 42. fxg5+ Kxg5 43. h3 Kf6 44. Ra1 Kg5 45. Rd1 Ra7 46. Ra1 Kf6 47. Ra2
Ra6 48. Rb2 Ra7 49. Rb5 h4 50. gxh4 Rh7 51. h5 Ra7 52. Rc5 Ne7 53. Rb5 Nf5 54.
Nb6 Nd6+ 55. Ke5+ Kxe5 0-1

[Event "Druzynowe Mistrzostwa Polski w Szachach Blyskawicznych"]
[Site "Piotrkow Trybunalski"]
[Date "1899-12-30"]
[Round "1.6"]
[White "Moranda, Wojciech"]
[Black "Trofimiuk, Tomasz"]
[Result "1-0"]
[WhiteTitle "GM"]
[BlackTitle "II+"]
[WhiteElo "2603"]
[BlackElo "1624"]

1. d4 Nf6 2. c4 e6 3. Nf3 Bb4+ 4. Bd2 Qe7 5. g3 b6 6. Bg2 Bb7 7. O-O Bxd2 8. Qxd2
O-O 9. Nc3 d6 10. Qc2 Nbd7 11. e4 e5 12. Rfe1 c5 13. d5 Rfe8 14. Rf1 Nf8 15. Ne1
Nh5 16. Nd3 Bc8 17. Rae1 Ng6 18. Qd1 Nf6 19. h3 h5 20. f4 h4 21. g4 exf4 22. e5
dxe5 23. d6 Qxd6 24. Bxa8 e4 25. Nxe4 Nxe4 26. Rxe4 Rxe4 27. Bxe4 Qd4+ 28. Nf2
Qxd1 29. Rxd1 1-0

[Event "Druzynowe Mistrzostwa Polski w Szachach Blyskawicznych"]
[Site "Piotrkow Trybunalski"]
[Date "1899-12-30"]
[Round "1.7"]
[White "Zochowski, Kacper"]
[Black "Wieczorek, Oskar"]
[Result "0-1"]
[WhiteTitle "k"]
[BlackTitle "IM"]
[WhiteElo "2277"]
[BlackElo "2282"]

1. e4 c5 2. Nf3 e6 3. d4 cxd4 4. Nxd4 Nc6 5. Nxc6 bxc6 6. Bd3 d5 7. Nd2 Nf6 8.
c4 Be7 9. O-O a5 10. cxd5 cxd5 11. e5 Nd7 12. Nf3 Nc5 13. Bc2 Ba6 14. Re1 O-O
15. Be3 Ne4 16. Nd4 Rc8 17. f3 Nc5 18. Rc1 Bh4 19. g3 Bg5 20. Qd2 Bxe3+ 21. Rxe3
Qb6 22. Rc3 Nd3 23. Rxd3 Bxd3 24. Qxd3 g6 25. Rd1 Qxb2 26. Rb1 Qxa2 27. Qb3 Qxb3
28. Bxb3 Rc3 29. Kf2 Rb8 30. Ra1 Rcxb3 31. Nxb3 Rxb3 32. Rxa5 Rb2+ 33. Ke3 Rxh2
34. Kf4 Kg7 35. Ra7 Rc2 36. g4 h6 37. Rd7 Re2 38. Rd8 g5+ 39. Kg3 Rxe5 0-1

[Event "Druzynowe Mistrzostwa Polski w Szachach Blyskawicznych"]
[Site "Piotrkow Trybunalski"]
[Date "1899-12-30"]
[Round "1.8"]
[White "Gumularz, Szymon"]
[Black "Borawski, Jakub"]
[Result "1-0"]
[WhiteTitle "I++"]
[BlackTitle "k"]
[WhiteElo "2262"]
[BlackElo "1984"]

1. d4 Nf6 2. c4 e6 3. Nf3 Bb4+ 4. Nbd2 b6 5. g3 Bb7 6. Bg2 O-O 7. O-O d5 8. Qc2
Nbd7 9. a3 Be7 10. cxd5 exd5 11. b4 c5 12. bxc5 bxc5 13. dxc5 Nxc5 14. Bb2 Nfe4
15. Rfd1 Qa5 16. Bd4 Rac8 17. Qb2 f6 18. Nxe4 dxe4 19. Nh4 Bc6 20. Nf5 Rf7 21.
Qa2 Bf8 22. Rac1 Ba4 23. Rf1 Rcc7 24. Bxc5 Rxc5 25. Rxc5 Qxc5 26. Bxe4 g6 27.
Bd5 Be8 28. Ne3 Kg7 29. Bxf7 Bxf7 30. Qb2 Qg5 31. Rd1 Bc5 32. Ng2 Qf5 33. Nf4
g5 34. Nd3 Bb6 35. Qb4 h5 36. Rc1 h4 37. gxh4 Bd5 38. Qe7+ Kg6 39. Qe8+ Kg7 40.
Qh5 Be4 41. hxg5 Bxd3 42. gxf6+ Qxf6 43. exd3 Qxf2+ 44. Kh1 Qe3 45. Qg4+ Kf7 46.
Rf1+ Ke8 47. Qg8+ Kd7 48. Qd5+ Ke8 49. Qc6+ Ke7 50. Qe4+ Qxe4+ 51. dxe4 1-0

[Event "Druzynowe Mistrzostwa Polski w Szachach Blyskawicznych"]
[Site "Piotrkow Trybunalski"]
[Date "1899-12-30"]
[Round "1.9"]
[White "Miton, Kamil"]
[Black "Chylewski, Patryk"]
[Result "1-0"]
[WhiteTitle "GM"]
[BlackTitle "k++"]
[WhiteElo "2530"]
[BlackElo "1957"]

1. d4 Nf6 2. c4 e6 3. g3 d5 4. Bg2 Bb4+ 5. Bd2 Be7 6. Nf3 O-O 7. O-O c6 8. Qc2
b6 9. Bf4 Bb7 10. Rd1 Na6 11. Nc3 Qc8 12. Ne5 dxc4 13. Nxc4 c5 14. Bd6 Qd7 15.
Ne5 Qxd6 16. Bxb7 Nb4 17. Qb3 Rab8 18. Nb5 Qd8 19. dxc5 Nfd5 20. Bxd5 exd5 21.
c6 Rc8 22. Nxa7 Rc7 23. Nb5 Rc8 24. Rac1 Bc5 25. Nd7 Re8 26. Nxc5 bxc5 27. Rxc5
Nxc6 28. Rcxd5 Qb6 29. Nd6 Qxb3 30. axb3 Nb4 31. R5d2 1-0

[Event "Druzynowe Mistrzostwa Polski w Szachach Blyskawicznych"]
[Site "Piotrkow Trybunalski"]
[Date "1899-12-30"]
[Round "1.10"]
[White "Praczukowski, Stanislaw"]
[Black "Bulski, Krzysztof"]
[Result "0-1"]
[WhiteTitle "k"]
[BlackTitle "GM"]
[WhiteElo "2033"]
[BlackElo "2485"]

1. e4 e5 2. Nf3 Nc6 3. d4 exd4 4. Bc4 Nf6 5. e5 d5 6. Bb5 Nd7 7. Bf4 Be7 8. O-O
O-O 9. Bxc6 bxc6 10. Nxd4 Nb8 11. Nc3 c5 12. Nde2 Be6 13. Bg3 Nc6 14. Nf4 d4 15.
Nxe6 fxe6 16. Ne2 Qd7 17. Qd3 Nb4 18. Qc4 Qd5 19. Qxd5 exd5 20. Rfc1 d3 21. cxd3
Nxd3 22. Rd1 c4 23. b3 Bc5 24. bxc4 dxc4 25. Rf1 Rab8 26. Nc3 Bd4 27. Nd5 Bxa1
28. Rxa1 Rfd8 29. Ne7+ Kf7 30. Nc6 c3 31. Nxd8+ Rxd8 32. e6+ Kxe6 33. Bxc7 Rc8
34. Ba5 c2 0-1

[Event "Druzynowe Mistrzostwa Polski w Szachach Blyskawicznych"]
[Site "Piotrkow Trybunalski"]
[Date "1899-12-30"]
[Round "1.11"]
[White "Gdanski, Jacek"]
[Black "Sanz Wawer, Daniel"]
[Result "1-0"]
[WhiteTitle "GM"]
[BlackTitle "k"]
[WhiteElo "2442"]
[BlackElo "1952"]

1. e4 e6 2. d4 d5 3. Nd2 Nc6 4. c3 Bd7 5. Qc2 Be7 6. Ngf3 dxe4 7. Nxe4 Nf6 8. Bd3
Nxe4 9. Bxe4 h6 10. Be3 Bf6 11. Rd1 Ne7 12. Bxb7 Rb8 13. Be4 Nd5 14. Bxd5 exd5
15. Qe2 O-O 16. h3 Bb5 17. Qd2 Bc4 18. b3 Ba6 19. Ng1 Qe7 20. Ne2 Bxe2 21. Qxe2
Rfe8 22. O-O Qa3 23. Qc2 c6 24. Rfe1 Red8 25. Bf4 Rb7 26. Re2 Be7 27. Rde1 Rdd7
28. b4 Qa6 29. Bg3 Qb6 30. a4 a5 31. bxa5 Qxa5 32. Bh4 Qd8 33. Bxe7 Rxe7 34. Rxe7
Rxe7 35. Rxe7 Qxe7 36. Qb2 Qa7 37. Qb4 Qc7 38. a5 Qc8 39. Qb6 Kf8 40. a6 g6 41.
a7 Kg7 42. Qb8 Qe6 43. Qe5+ Qxe5 44. dxe5 Kh7 45. a8=Q Kg7 46. Qd8 Kh7 47. Qf6
Kg8 48. g4 c5 49. Qd8+ Kg7 50. Qxd5 c4 51. Qxc4 Kf8 52. Qc5+ Kg7 53. Qe7 Kg8 54.
c4 Kg7 55. c5 g5 56. Qf6+ Kf8 57. c6 h5 58. c7 Kg8 59. c8=R+ Kh7 60. Rh8# 1-0

[Event "Druzynowe Mistrzostwa Polski w Szachach Blyskawicznych"]
[Site "Piotrkow Trybunalski"]
[Date "1899-12-30"]
[Round "1.12"]
[White "Sanz, Losada Victoriano"]
[Black "Masternak, Grzegorz"]
[Result "0-1"]
[WhiteTitle "CM"]
[BlackTitle "IM"]
[WhiteElo "2090"]
[BlackElo "2267"]

1. e4 c5 2. Nf3 e6 3. d4 cxd4 4. Nxd4 a6 5. Bd3 Nf6 6. O-O d6 7. Qe2 Qc7 8. Be3
Be7 9. Nd2 O-O 10. c3 Nc6 11. h3 Ne5 12. Bc2 b5 13. f4 Ned7 14. Bd3 Bb7 15. N2f3
Nc5 16. e5 Bxf3 17. Qxf3 Nxd3 18. exf6 Bxf6 19. Qe2 Nc5 20. Bf2 d5 21. Be3 Na4
22. Qf2 Rac8 23. Rac1 Nc5 24. Rcd1 Ne4 25. Qf3 Rfd8 26. Nb3 Qc4 27. Bd4 Bxd4+
28. Rxd4 Qc7 29. Nd2 Nd6 30. Re1 Qb6 31. Kh1 Nc4 32. Nxc4 Rxc4 33. Red1 Qc6 34.
f5 Rxd4 35. Rxd4 e5 36. Rd3 h6 37. Qg4 Qc4 38. Qxc4 bxc4 39. Rd2 Kf8 40. Kg1 Ke7
41. Kf2 Kd6 42. Ke3 Kc5 43. g4 d4+ 44. Ke4 f6 45. h4 d3 46. b4+ Kb5 47. g5 hxg5
48. hxg5 Rh8 49. gxf6 gxf6 50. Kd5 Re8 51. Ke4 Kc6 52. a4 Rh8 53. Ke3 Kd5 54.
b5 axb5 55. axb5 Rb8 56. Rh2 Rxb5 57. Rh8 e4 58. Rd8+ Ke5 59. Rd4 Rd5 60. Rxe4+
Kxf5 61. Rf4+ Kg5 62. Rf1 d2 63. Ke2 f5 64. Rd1 f4 65. Kf3 Kf5 66. Kf2 Ke4 67.
Ke2 f3+ 68. Kf2 Rd3 69. Kf1 Ke3 70. Kg1 Rxc3 71. Kh2 Rc1 72. Rxd2 Kxd2 73. Kg3
Rf1 74. Kh2 f2 75. Kg2 Ke2 76. Kg3 Rg1+ 77. Kh2 c3 78. Kh3 f1=Q+ 79. Kh2 Qg2#
0-1

[Event "Druzynowe Mistrzostwa Polski w Szachach Blyskawicznych"]
[Site "Piotrkow Trybunalski"]
[Date "1899-12-30"]
[Round "2.1"]
[White "Tazbir, Marcin"]
[Black "Pakleza, Zbigniew"]
[Result "1/2-1/2"]
[WhiteTitle "GM"]
[BlackTitle "GM"]
[WhiteElo "2552"]
[BlackElo "2563"]

1. c4 c6 2. Nf3 d5 3. e3 Nf6 4. b3 Bf5 5. Bb2 e6 6. Be2 Nbd7 7. O-O h6 8. d3 Be7
9. a3 a5 10. Qc2 O-O 11. Nbd2 Bh7 12. Rac1 Ne8 13. Rfd1 Bf6 14. e4 Bxb2 15. Qxb2
Qf6 16. e5 Qe7 17. Bf1 Nc7 18. cxd5 exd5 19. Re1 f6 20. d4 fxe5 21. Nxe5 Nxe5
22. Rxe5 Qf6 23. f3 Rae8 24. Rce1 Rxe5 25. Rxe5 Re8 1/2-1/2

[Event "Druzynowe Mistrzostwa Polski w Szachach Blyskawicznych"]
[Site "Piotrkow Trybunalski"]
[Date "1899-12-30"]
[Round "2.2"]
[White "Dziuba, Marcin"]
[Black "Cyborowski, Lukasz"]
[Result "0-1"]
[WhiteTitle "GM"]
[BlackTitle "GM"]
[WhiteElo "2536"]
[BlackElo "2577"]

1. d4 Nf6 2. c4 e6 3. Nf3 d5 4. g3 dxc4 5. Bg2 a6 6. O-O Nc6 7. e3 Bd7 8. Qe2 Bd6
9. Qxc4 O-O 10. Nc3 Rb8 11. Rd1 e5 12. d5 Na5 13. Qd3 h6 14. e4 b5 15. a3 Nb3
16. Rb1 Nxc1 17. Rbxc1 Qe7 18. Nb1 a5 19. Nbd2 a4 20. Rc2 b4 21. axb4 Rxb4 22.
Nc4 Rfb8 23. Nfd2 Bc5 24. h3 h5 25. Rdc1 h4 26. Ne3 Bb6 27. g4 g6 28. Ndc4 Bd4
29. Na5 Rxb2 30. Rxc7 Qb4 31. Nc6 Bxc6 32. R7xc6 Rd2 33. Qc4 Qxc4 34. R6xc4 a3
35. Ra4 a2 36. Nc4 Rb1 37. Ra8+ Kg7 38. Rxa2 Rxc1+ 0-1

[Event "Druzynowe Mistrzostwa Polski w Szachach Blyskawicznych"]
[Site "Piotrkow Trybunalski"]
[Date "1899-12-30"]
[Round "2.3"]
[White "Kulon, Klaudia"]
[Black "Jakubiec, Artur"]
[Result "1-0"]
[WhiteTitle "WGM"]
[BlackTitle "GM"]
[WhiteElo "2317"]
[BlackElo "2497"]

1. c4 e5 2. g3 Nf6 3. Bg2 c6 4. d4 d6 5. Nc3 Nbd7 6. e3 Be7 7. Nge2 O-O 8. O-O
Qc7 9. b4 Re8 10. Rb1 Bf8 11. b5 c5 12. dxc5 Nxc5 13. h3 Bf5 14. Ra1 h5 15. Kh2
Bd3 16. Nd5 Nxd5 17. Bxd5 Rac8 18. Ba3 Bf5 19. Nc3 g6 20. Rc1 Bg7 21. Bg2 Be6
22. Nd5 Qd8 23. Bb2 f5 24. f4 Kh7 25. Qe2 Ne4 26. Bxe4 fxe4 27. fxe5 dxe5 28.
Rcd1 Qg5 29. Rc1 Rf8 30. Ba3 Rxf1 31. Qxf1 Re8 32. Nc7 Qd8 33. Nxe8 Qxe8 34. c5
Qc8 35. c6 bxc6 36. bxc6 Qc7 37. Qa6 Qf7 38. Qe2 Qc7 39. Qd2 Qc8 40. c7 Bxh3 41.
Bd6 Bf5 42. Rb1 Qd7 43. Rb8 Qc6 44. Qb2 Qc4 45. Qf2 Bh6 46. Bxe5 Qc5 47. Rh8#
1-0

[Event "Druzynowe Mistrzostwa Polski w Szachach Blyskawicznych"]
[Site "Piotrkow Trybunalski"]
[Date "1899-12-30"]
[Round "2.4"]
[White "Weichhold, Pawel"]
[Black "Siekierski, Pawel"]
[Result "1-0"]
[WhiteTitle "IM"]
[BlackTitle "I+"]
[WhiteElo "2382"]
[BlackElo "1964"]

1. e4 d6 2. d4 Nf6 3. Nc3 e5 4. Nf3 exd4 5. Nxd4 g6 6. f3 Bg7 7. Be3 O-O 8. Qd2
Re8 9. O-O-O d5 10. Bg5 c5 11. Nde2 d4 12. Nd5 Be6 13. Nef4 h6 14. Nxe6 fxe6 15.
Nxf6+ Bxf6 16. Bxf6 Qxf6 17. Qxh6 a6 18. h4 Re7 19. e5 Qg7 20. Qg5 Nc6 21. f4
b5 22. Bd3 Rf8 23. g3 1-0

[Event "Druzynowe Mistrzostwa Polski w Szachach Blyskawicznych"]
[Site "Piotrkow Trybunalski"]
[Date "1899-12-30"]
[Round "2.5"]
[White "Bartel, Mateusz"]
[Black "Dobrowolski, Piotr"]
[Result "1-0"]
[WhiteTitle "GM"]
[BlackTitle "IM"]
[WhiteElo "2628"]
[BlackElo "2331"]

1. e4 c5 2. Ne2 Nf6 3. Nbc3 Nc6 4. g3 g6 5. d4 cxd4 6. Nxd4 d6 7. Nde2 Bg7 8. Bg2
O-O 9. O-O Rb8 10. Nd5 Nd7 11. c3 b5 12. Bg5 h6 13. Be3 e6 14. Ndf4 Qc7 15. h3
Nde5 16. b3 b4 17. Rc1 bxc3 18. Nxc3 Ba6 19. Re1 g5 20. Nh5 Nd3 21. Nxg7 Nxe1
22. Qxe1 Kxg7 23. Nd5 Qd7 24. Qc3+ Ne5 25. Nc7 Rbc8 26. f4 gxf4 27. gxf4 Rxc7
28. Qxc7 Rc8 29. Qxd7 Rxc1+ 30. Bxc1 Nxd7 31. Be3 Nb6 32. Bd4+ f6 33. e5 fxe5
34. fxe5 d5 35. Kf2 Bd3 36. a4 Bc2 37. a5 Nc8 38. b4 Kg6 39. Ke3 Kf5 40. Bf3 Kg6
41. Be2 Kf7 42. Ba6 Ne7 43. Bxa7 Nc6 44. Bc5 Nxe5 45. Be2 Nd7 46. Bb5 Ke8 47.
a6 1-0

[Event "Druzynowe Mistrzostwa Polski w Szachach Blyskawicznych"]
[Site "Piotrkow Trybunalski"]
[Date "1899-12-30"]
[Round "2.6"]
[White "Stachowiak, Kamil"]
[Black "Moranda, Wojciech"]
[Result "0-1"]
[WhiteTitle "IM"]
[BlackTitle "GM"]
[WhiteElo "2366"]
[BlackElo "2603"]

1. Nf3 Nf6 2. d4 e6 3. g3 b6 4. Bg2 Bb7 5. O-O Be7 6. c4 O-O 7. Nc3 Na6 8. a3 Re8
9. Qc2 d5 10. cxd5 exd5 11. Bf4 c5 12. Rfd1 Rc8 13. Bh3 Ra8 14. Qa4 Bf8 15. Rac1
c4 16. b3 Nc7 17. Ne5 Ne6 18. bxc4 dxc4 19. Qxc4 Bxa3 20. Rc2 Rc8 21. Qb3 Bf8
22. Bxe6 fxe6 23. Nf3 Nd5 24. Nxd5 Qxd5 25. Qb2 Rxc2 26. Qxc2 Rc8 27. Qb2 h6 28.
Ra1 g5 29. Be5 g4 30. Qb1 Qe4 31. Qxe4 Bxe4 32. Nd2 Bd5 33. e4 Bb7 34. Kf1 a5
35. Rb1 Bb4 36. Nb3 Bxe4 0-1

[Event "Druzynowe Mistrzostwa Polski w Szachach Blyskawicznych"]
[Site "Piotrkow Trybunalski"]
[Date "1899-12-30"]
[Round "2.7"]
[White "Wieczorek, Oskar"]
[Black "Zeberski, Jakub"]
[Result "1/2-1/2"]
[WhiteTitle "IM"]
[BlackTitle "IM"]
[WhiteElo "2282"]
[BlackElo "2329"]

1. e4 e5 2. Nf3 Nc6 3. Bb5 a6 4. Ba4 Nf6 5. O-O Be7 6. Bxc6 bxc6 7. d3 d6 8. Be3
c5 9. h3 O-O 10. Nbd2 h6 11. Nc4 Nh7 12. Nfd2 f5 13. exf5 Bxf5 14. Na5 Qd7 15.
Qf3 Kh8 16. Qc6 Qc8 17. Ndc4 Rb8 18. Bd2 Bd7 19. Qe4 Bf5 20. Qc6 Bd7 21. Qe4 Bf5
1/2-1/2

[Event "Druzynowe Mistrzostwa Polski w Szachach Blyskawicznych"]
[Site "Piotrkow Trybunalski"]
[Date "1899-12-30"]
[Round "2.8"]
[White "Kolasinski, Krzysztof"]
[Black "Gumularz, Szymon"]
[Result "1-0"]
[WhiteTitle "I++"]
[BlackTitle "I++"]
[WhiteElo "2049"]
[BlackElo "2262"]

1. d4 d6 2. c4 e5 3. Nf3 e4 4. Nfd2 f5 5. e3 Nf6 6. Be2 g6 7. Nc3 Bg7 8. Nb3 O-O
9. O-O c6 10. d5 c5 11. a4 Nbd7 12. a5 a6 13. Na4 Rb8 14. Bd2 Ne5 15. Bc3 Qe7
16. Nb6 g5 17. Qc2 f4 18. exf4 gxf4 19. f3 Bf5 20. Bxe5 Qxe5 21. fxe4 Nxe4 22.
Bd3 Qxb2 23. Rae1 Qxc2 24. Bxc2 Nc3 25. Bxf5 Rxf5 26. Re7 Bf6 27. Re6 Kf7 28.
Rf3 Rg8 29. Nd7 Be7 30. Rxc3 f3 31. g3 Rg4 32. Kf2 h5 33. Rh6 h4 34. Re3 Bg5 35.
Rxf3 Rxf3+ 36. Kxf3 Rxc4 37. Rxd6 hxg3 38. Ne5+ Ke7 39. Re6+ Kd8 40. Nxc4 1-0

[Event "Druzynowe Mistrzostwa Polski w Szachach Blyskawicznych"]
[Site "Piotrkow Trybunalski"]
[Date "1899-12-30"]
[Round "2.10"]
[White "Bulski, Krzysztof"]
[Black "Piesik, Piotr"]
[Result "1-0"]
[WhiteTitle "GM"]
[BlackTitle "FM"]
[WhiteElo "2485"]
[BlackElo "2345"]

1. e4 e6 2. d4 d5 3. Nd2 Be7 4. Bd3 dxe4 5. Nxe4 Bd7 6. Nf3 Bc6 7. O-O Nd7 8. Qe2
Ngf6 9. Ng3 Bxf3 10. Qxf3 c6 11. c4 O-O 12. b3 Re8 13. Bb2 Nf8 14. Ne4 Nxe4 15.
Bxe4 Bf6 16. Rad1 Qa5 17. Bb1 Rad8 18. g3 Rd7 19. Bc3 Qb6 20. d5 Bxc3 21. dxe6
Rxe6 22. Qxc3 Qc5 23. Rxd7 Nxd7 24. Bxh7+ Kf8 25. Rd1 Nf6 26. Bc2 Re2 27. Rf1
Ng4 28. Qd3 Re8 29. Qf5 Qxf5 30. Bxf5 Ne5 31. Rd1 g6 32. Bc2 Ke7 33. f4 Ng4 34.
Re1+ Kd7 35. Rxe8 Kxe8 36. h3 Ne3 37. Bd3 a5 38. Kf2 Nd1+ 39. Kf3 Nc3 40. a4 Ke7
41. h4 Na2 42. g4 Nb4 43. Be4 Na6 44. h5 gxh5 45. gxh5 Nc5 46. Bc2 Kf6 47. h6
Ne6 48. Ke3 Nf8 49. Kd4 Ne6+ 50. Ke3 Nc5 51. f5 Nd7 52. Kd4 b6 53. Be4 Nf8 54.
Bxc6 Kg5 55. Bd5 f6 56. Ke4 Kxh6 57. Be6 Kg5 58. Kd5 Kf4 59. Kc6 Nh7 60. Kxb6
Ke5 61. c5 Ng5 62. Bd7 Ne4 63. c6 Nc3 64. Kxa5 Kd6 65. Kb4 Nd5+ 66. Kc4 Nb6+ 67.
Kd4 Nd5 68. a5 Nb4 69. Kc4 Na6 70. b4 Nc7 71. b5 Nd5 72. b6 Ne7 73. Kb5 Nd5 74.
b7 Kc7 75. a6 Nc3+ 76. Kc4 Ne4 77. Kd4 Nd6 78. Kd5 Nb5 79. Ke6 Nd4+ 80. Kxf6 Kb8
81. Ke5 1-0

[Event "Druzynowe Mistrzostwa Polski w Szachach Blyskawicznych"]
[Site "Piotrkow Trybunalski"]
[Date "1899-12-30"]
[Round "3.1"]
[White "Orzech, Dominik"]
[Black "Bartel, Mateusz"]
[Result "1/2-1/2"]
[WhiteTitle "IM"]
[BlackTitle "GM"]
[WhiteElo "2449"]
[BlackElo "2628"]

1. Nf3 d5 2. c4 d4 3. g3 g6 4. Bg2 Bg7 5. O-O Nh6 6. d3 O-O 7. b4 Nf5 8. Bb2 e5
9. Nbd2 a5 10. a3 Na6 11. Nb3 a4 12. Nbd2 Bd7 13. Ne4 b6 14. Bc1 c5 15. Bd2 cxb4
16. Bxb4 Re8 17. Qb1 Bc6 18. Nfd2 Qd7 19. Qb2 Ne7 20. Bxe7 Rxe7 21. Qxb6 Re6 22.
Nc5 Nxc5 23. Qxc5 Bxg2 24. Kxg2 f5 25. Rfb1 e4 26. Rb6 e3 27. Nf3 exf2 28. Kxf2
Rae8 29. Rxe6 Qxe6 30. Qd5 Qxd5 31. cxd5 Rd8 32. Rb1 Rxd5 33. Rb4 Ra5 34. Nxd4
Bf8 35. Rb8 Kf7 36. Nc2 Rc5 37. Rb7+ Kg8 38. Nd4 Rd5 39. Nb5 g5 40. Nc3 Ra5 41.
Rb5 Ra6 42. Rxf5 Bxa3 43. Rxg5+ Kf7 44. Rg4 Bc5+ 45. d4 Bd6 46. Nb5 Be7 47. Rf4+
Kg6 48. e4 a3 49. Nxa3 Rxa3 50. h4 h5 51. e5 Rd3 52. Re4 Kf5 53. Rf4+ Ke6 54.
Kg2 Ba3 55. Rf6+ Ke7 56. Rh6 Rxd4 57. Rxh5 1/2-1/2

[Event "Druzynowe Mistrzostwa Polski w Szachach Blyskawicznych"]
[Site "Piotrkow Trybunalski"]
[Date "1899-12-30"]
[Round "3.2"]
[White "Moranda, Wojciech"]
[Black "Sopur, Lech"]
[Result "0-1"]
[WhiteTitle "GM"]
[BlackTitle "m"]
[WhiteElo "2603"]
[BlackElo "2379"]

1. d4 c5 2. d5 f5 3. Nc3 Nf6 4. f3 d6 5. e4 g6 6. Bb5+ Bd7 7. exf5 gxf5 8. Bxd7+
Qxd7 9. Nh3 Na6 10. O-O Nc7 11. a4 Rg8 12. Re1 O-O-O 13. Qd3 Nh5 14. Bg5 Re8 15.
Nb5 a6 16. Nxc7 Kxc7 17. Re6 Bg7 18. c3 h6 19. Bh4 Bf6 20. Bxf6 Nxf6 21. Qxf5
Rg7 22. Nf4 Rg5 23. Qd3 Reg8 24. Rae1 Qxa4 25. Rxe7+ Kb8 26. c4 Qb4 27. g3 h5
28. Kh1 h4 29. g4 Nxg4 30. fxg4 Rxg4 31. Nh3 Qxb2 32. Qe2 Qd4 33. Rb1 b5 34. cxb5
Qxd5+ 35. Re4 Rxe4 36. bxa6+ Ka8 0-1

[Event "Druzynowe Mistrzostwa Polski w Szachach Blyskawicznych"]
[Site "Piotrkow Trybunalski"]
[Date "1899-12-30"]
[Round "3.3"]
[White "Wolny, Ryszard"]
[Black "Wieczorek, Oskar"]
[Result "0-1"]
[WhiteTitle "k"]
[BlackTitle "IM"]
[WhiteElo "2305"]
[BlackElo "2282"]

1. e4 c5 2. Nf3 d6 3. d4 cxd4 4. Nxd4 Nf6 5. Nc3 Nc6 6. Bg5 e6 7. Be2 a6 8. O-O
Be7 9. Qd2 Bd7 10. Rad1 Qc7 11. Kh1 b5 12. Nxc6 Bxc6 13. f3 Rd8 14. Bd3 h6 15.
Be3 d5 16. exd5 Nxd5 17. Nxd5 Bxd5 18. Qf2 Rc8 19. b3 Bf6 20. Bd4 Bxd4 21. Qxd4
O-O 22. Ra1 Rfd8 23. Qe3 Qc3 24. Rfe1 Bb7 25. Qb6 Qc7 26. Qe3 Qc5 27. c4 Qxe3
28. Rxe3 Rd4 29. Rae1 b4 30. Kg1 Kf8 31. Bc2 g5 32. Kf2 Ke7 33. Rd3 Rxd3 34. Bxd3
Rd8 35. Rd1 f5 36. Bc2 Rc8 37. Re1 Rc5 38. Ke3 Kf6 39. Kd4 Rc8 40. c5 Rd8+ 41.
Ke3 Rd5 42. Bd3 0-1